| 000 | 01262cai a22002175a 4500 | ||
|---|---|---|---|
| 001 | L137242 | ||
| 008 | 070326s2007 xxk f 000 0 eng d | ||
| 035 | _a(Sirsi) u137242 | ||
| 041 | 0 | _aeng | |
| 050 | 0 | 4 | _a625.7026 $2 18 |
| 100 | 1 | _aNicols, Mike | |
| 245 | 0 | 0 |
_aReport to Secretary of State for Transport _breview of Highways Agency's major roads programme _h[electronic resource] |
| 260 |
_aLondon _bNicols Group _c2007 |
||
| 520 | _aIn light of increases in estimated cost for individual road schemes, this report examines the Highway Agency's cost estimating and project management of its major roads programme. Recommendations for improving estimates include a new investment management process, the establishment of a strong in-house commercial management capability, development of an index of highways construction costs, and better use of contract cost data. Other suggestions cover risk management, the Agency's method of procurement, and delivery capability. | ||
| 590 | _aKA | ||
| 651 | 4 |
_aEngland _y886- |
|
| 690 | _aPROPERTY-INFRASTRUCTURE-ROAD INFRASTRUCTURE | ||
| 690 | _aBUILT ENVIRONMENT-BUILDING COSTS | ||
| 856 | 4 | 0 |
_uhttps://www.dft.gov.uk/pgr/roads/nicholsreport/ _zView the report free of charge at www.dft.gov.uk... |
| 942 | _n0 | ||
| 999 |
_c106703 _d106703 |
||